00583nam a2200169 i 450000100060000000300090000600500170001500700030003200800410003510000310007624500760010726000370018330000220022085200320024299900170027495201220029180998ES-MaACL20230906174338.0t|041102s1969 sp ||||1| spa d1 aHortelano, Antonio.96426210aMoral responsable b: conciencia moral cristiana / cAntonio Hortelano. aSalamanca : bSígueme, c1969. a355 p. ; c19 cm. aES-MaACLjC-36480 bR.69386 c80998d80998 00104070aATENEOMbATENEOMcDEPO2d2008-01-17eSCl0oC-36480p1084675r2023-02-23 00:00:00w2023-02-23yMONOGRAFIA